Elements of the theory of computation (Record no. 8)

MARC details
000 -LEADER
fixed length control field 00545cam a2200217ua 4500
008 - FIXED-LENGTH DATA ELEMENTS--GENERAL INFORMATION
fixed length control field 190725n ii |||gr||||Z||||||eng
020 ## - INTERNATIONAL STANDARD BOOK NUMBER
International Standard Book Number 81-317-0387-8
040 ## - CATALOGING SOURCE
Transcribing agency MAIN
041 ## - LANGUAGE CODE
-- eng
082 ## - DEWEY DECIMAL CLASSIFICATION NUMBER
Classification number 511.35
100 ## - MAIN ENTRY--PERSONAL NAME
Personal name Lewis, Harry R.,
245 ## - TITLE STATEMENT
Title Elements of the theory of computation
Statement of responsibility, etc. By Harry R. Lewis
250 ## - EDITION STATEMENT
Edition statement 2nd.
260 ## - PUBLICATION, DISTRIBUTION, ETC.
Place of publication, distribution, etc. Delhi:
Name of publisher, distributor, etc. Pearson prentice hall,
Date of publication, distribution, etc. 2006.
300 ## - PHYSICAL DESCRIPTION
Extent 361 p.:
Other physical details ill;
Dimensions 22 cm.
700 ## - ADDED ENTRY--PERSONAL NAME
Personal name Papadimitriou, Christos H.,
942 ## - ADDED ENTRY ELEMENTS (KOHA)
Koha item type Books
653 ## - INDEX TERM--UNCONTROLLED
Uncontrolled term Mathematics
653 ## - INDEX TERM--UNCONTROLLED
Uncontrolled term Computation
Holdings
Withdrawn status Lost status Damaged status Not for loan Home library Current library Shelving location Date acquired Total Checkouts Full call number Barcode Date last seen Copy number Price effective from Koha item type
        Central Library, Naharkatiya College Central Library, Naharkatiya College General Stacks 19/09/2020   511.35 | LEW 19544 19/09/2020 1 19/09/2020 Books

Naharkatiya College © 2020. All rights reserved.

Powered By